Οι μέθοδοι Runge-Kutta για την αριθμητική ολοκλήρωση διαφορικών εξισώσεων : μεταπτυχιακή εργασία

Στην παρούσα εργασία παρουσιάζεται μία μελέτη των μεθόδων Runge-Kutta για την αριθμητική ολοκλήρωση προβλήματων αρχικών τιμών σε συνήθεις διαφορικές εξισώσεις. Πιο συγκεκριμένα παρουσιάζεται ο τρόπος κατασκευής των μεθόδων αυτών καθώς και τα βασικά θεωρητικά χαρακτηριστικά τους, δηλαδή η σύγκλιση, σ...

Πλήρης περιγραφή

Αποθηκεύτηκε σε:
Λεπτομέρειες βιβλιογραφικής εγγραφής
Κύριος συγγραφέας: Λέλος, Ζαχαρίας
Συγγραφή απο Οργανισμό/Αρχή: Πανεπιστήμιο Αιγαίου. Σχολή Θετικών Επιστημών. Τμήμα Μαθηματικών. Μεταπτυχιακό Πρόγραμμα Σπουδών Μαθηματική Μοντελοποίηση στις Φυσικές Επιστήμες και στις Σύγχρονες Τεχνολογίες
Μορφή: Thesis Βιβλίο
Γλώσσα:Greek
Δημοσίευση: 2010.
Θέματα:
Διαθέσιμο Online:http://hdl.handle.net/11610/12120
Ετικέτες: Προσθήκη ετικέτας
Δεν υπάρχουν, Καταχωρήστε ετικέτα πρώτοι!

MARC

LEADER 00000cam a2200000 i 4500
001 1/11809
008 110202s2010 gr | ||| |||| ||gre||
035 |l 10109548 
040 |a GR-MyUA  |b gre  |e AACR2 
041 0 |a gre 
082 0 |a 515.353   |2 (22) 
100 1 |a Λέλος, Ζαχαρίας. 
245 1 3 |a Οι μέθοδοι Runge-Kutta για την αριθμητική ολοκλήρωση διαφορικών εξισώσεων :   |b μεταπτυχιακή εργασία /   |c Ζαχαρίας Λέλος ; επιβλέπων καθηγητής Κωνσταντίνος Χουσιάδας.  
260 |c 2010.  
300 |a [83 σ.] :   |b πιν., σχέδια ;   |c 30 εκ.  
502 |a Διατριβή (μεταπτυχιακή) – Πανεπιστήμιο Αιγαίου, Σάμος, 2010. 
504 |a Βιβλιογραφία: σ. [80].  
506 1 |a Διάθεση πλήρους κειμένου ;   |d Ενδοπανεπιστημιακή δημοσίευση.  
520 |a Στην παρούσα εργασία παρουσιάζεται μία μελέτη των μεθόδων Runge-Kutta για την αριθμητική ολοκλήρωση προβλήματων αρχικών τιμών σε συνήθεις διαφορικές εξισώσεις. Πιο συγκεκριμένα παρουσιάζεται ο τρόπος κατασκευής των μεθόδων αυτών καθώς και τα βασικά θεωρητικά χαρακτηριστικά τους, δηλαδή η σύγκλιση, συνέπεια και η ευστάθειά τους. 
540 |a Κλειδωμένη η δυνατότητα αντιγραφής (copy) του κειμένου.  
610 2 0 |a University of the Aegean  |x Dissertations. 
650 0 0 |a Differential equations  |x Numerical solutions. 
650 0 0 |a Runge-Kutta formulas. 
650 0 0 |a Dissertations, Academic  |z Greece. 
700 1 |a Χουσιάδας, Κωνσταντίνος,  |e dgs 
710 2 |a Πανεπιστήμιο Αιγαίου.   |b Σχολή Θετικών Επιστημών.   |b Τμήμα Μαθηματικών.   |b Μεταπτυχιακό Πρόγραμμα Σπουδών Μαθηματική Μοντελοποίηση στις Φυσικές Επιστήμες και στις Σύγχρονες Τεχνολογίες. 
852 |a INST  |b SAMOS  |c DIATR  |e 20110202  |h 515.353 ΛΕΛ  |p 005300033007  |q 005300033007  |t MTXE  |y 23 
852 |a INST  |b SAMOS  |c DIATR  |e 20110202  |h 515.353 ΛΕΛ  |p 005300033008  |q 005300033008  |t MTXE  |y 23 
856 |u http://hdl.handle.net/11610/12120 
901 |a BIBL3-2011-1 
909 |a Σ  |b 166256 
909 |a Σ  |b 166257 
924 |a ΛΕΛΟΣ  |b ΖΑΧΑΡΙΑΣ  |y Σάμος  |z 2010-12 
970 |a ΚΟΣΙΕΡΗΣ  |b ΧΡΗΣΤΟΣ  |z 2011/02/02